| 000 | 00652nam a2200229Ia 4500 | ||
|---|---|---|---|
| 005 | 20230614113128.0 | ||
| 008 | 131103s9999 xx 000 0 und d | ||
| 020 | _cRs.20 | ||
| 040 | _aLoreto College | ||
| 041 | _aEnglish | ||
| 082 |
_a301 _bFER |
||
| 100 | _aFernandes,Angelo | ||
| 245 |
_aTowards peace with justice _b the role of religion today _cAngelo Fernandes |
||
| 260 |
_aNew Delhi _bIndian Social Institute _c1981 |
||
| 300 | _a148 p. | ||
| 504 | _aIncludes index and bibliographical references | ||
| 630 | _aReligions institution | ||
| 650 | _aSociology | ||
| 651 | _aCulture and institutions | ||
| 850 | _aLCLIB | ||
| 942 | _cBK | ||
| 999 |
_c11277 _d61756 |
||